000
00289nam a2200109Ia 4500
005
20251222143223.0
008
251222s9999||||xx |||||||||||||| ||spa||
082
_a
274.74/A94H/Ej.2
100
_a
Ayllón Dulanto, Fernando
245
0
_a
Historia del Tribunal de la Inquisición
942
_c
LIB
999
_c
13882
_d
13882